000 00600nam a2200241Ia 4500
003 OSt
005 20221005131804.0
006 a|||||r|||| 00| 0
007 ta
008 221004b |||||||| |||| 00| 0 eng d
024 _a38566
037 _cTextual
040 _aCRL
_cCRL
_beng
041 _2eng
_aeng
082 _aO:2M97:3, J5
100 _aPriestley J B
245 0 _aSummer day's dream
260 _c1955
490 _aFrench's acting edition, 1974
650 _aENGLISH LITERATURE
942 _hO:2M97:3, J5
_cTEXL
_2cc
999 _c1061405
_d1061405